Le lien éducatif : contre-jour psychanalytique (notice n° 2205579)
[ vue normale ]
| 000 -LEADER | |
|---|---|
| fixed length control field | 00913cam a2200133 4500500 |
| 005 - DATE AND TIME OF LATEST TRANSACTION | |
| control field | 20260405090452.0 |
| 041 ## - LANGUAGE CODE | |
| Language code of text/sound track or separate title | fre |
| 042 ## - AUTHENTICATION CODE | |
| Authentication code | dc |
| 100 10 - MAIN ENTRY--PERSONAL NAME | |
| Personal name | Cifali, Mireille |
| Relator term | author |
| 245 00 - TITLE STATEMENT | |
| Title | Le lien éducatif : contre-jour psychanalytique |
| 260 ## - PUBLICATION, DISTRIBUTION, ETC. | |
| Name of publisher, distributor, etc. | Presses Universitaires de France,<br/> |
| Date of publication, distribution, etc. | 2005.<br/> |
| 520 ## - SUMMARY, ETC. | |
| Summary, etc. | Cet ouvrage s’adresse en priorité (avec succès puisque c’est la 5e édition) à ceux qui oeuvrent sur le terrain «des métiers de l’humain». Les questions abordées ne sont guère nouvelles, elles reviennent et traduisent les épreuves et les richesses de l’enfance, les épreuves et les doutes de l’adulte. L’auteur les expriment et les analysent avec le regard de la psychanalyse pour construire et exprimer ce «savoir de l’intérieur». |
| 856 41 - ELECTRONIC LOCATION AND ACCESS | |
| Uniform Resource Identifier | <a href="https://shs.cairn.info/le-lien-educatif-contre-jour-psychanalytique--9782130552178?lang=fr&redirect-ssocas=7080">https://shs.cairn.info/le-lien-educatif-contre-jour-psychanalytique--9782130552178?lang=fr&redirect-ssocas=7080</a> |
Pas d'exemplaire disponible.




Réseaux sociaux